<?xml version="1.0" encoding="UTF-8"?>
<collection xmlns="http://www.loc.gov/MARC21/slim">
 <record>
  <leader>02085nab a2200241 i 4500</leader>
  <controlfield tag="001">acta85519</controlfield>
  <controlfield tag="005">20241029083542.0</controlfield>
  <controlfield tag="008">241029s2024    hu      o     000   hun d</controlfield>
  <datafield tag="022" ind1=" " ind2=" ">
   <subfield code="a">2064-5929</subfield>
  </datafield>
  <datafield tag="024" ind1="7" ind2=" ">
   <subfield code="a">10.14232/belv.2024.2.6</subfield>
   <subfield code="2">doi</subfield>
  </datafield>
  <datafield tag="040" ind1=" " ind2=" ">
   <subfield code="a">SZTE Egyetemi Kiadványok Repozitórium</subfield>
   <subfield code="b">hun</subfield>
  </datafield>
  <datafield tag="041" ind1=" " ind2=" ">
   <subfield code="a">hun</subfield>
  </datafield>
  <datafield tag="041" ind1=" " ind2=" ">
   <subfield code="a">eng</subfield>
  </datafield>
  <datafield tag="100" ind1="1" ind2=" ">
   <subfield code="a">Fóti Miklós</subfield>
  </datafield>
  <datafield tag="245" ind1="1" ind2="0">
   <subfield code="a">Török közigazgatás kiépítése a Szerémségben és a szerémi szandzsák 16. századi bégjei = The formation of the Ottoman administration in Szerém county and the governors of the sancak of Sirem in the 16th century</subfield>
   <subfield code="h">[elektronikus dokumentum] /</subfield>
   <subfield code="c"> Fóti Miklós</subfield>
  </datafield>
  <datafield tag="260" ind1=" " ind2=" ">
   <subfield code="a">Belvedere Meridionale</subfield>
   <subfield code="b">Szeged</subfield>
   <subfield code="c">2024</subfield>
  </datafield>
  <datafield tag="300" ind1=" " ind2=" ">
   <subfield code="a">110-134</subfield>
  </datafield>
  <datafield tag="490" ind1="0" ind2=" ">
   <subfield code="a">Belvedere Meridionale</subfield>
   <subfield code="v">36 No. 2</subfield>
  </datafield>
  <datafield tag="520" ind1="3" ind2=" ">
   <subfield code="a">In the aftermath of the battle of Mohács (1526) the Turks conquered the area between the Danube and the Sava rivers, however did not establish a new sancak for a while. Szerém county (Serbian Srem/Turkish Sirem) became part of the north Serbian sancak of Semendire/Smederevo. The study examines the formation of the Ottoman adminstration in the area, which resulted in the creation of the sancak of Sirem in the mid-1540s. It provides a detailed list of its governors in the 16th century, using Ottoman sources, like various defters, sultanic orders, and chronicles. The focus of the research is on the family ties and clan affiliations of the sancakbeyis, tracing their positions before and after the sancak in question. Thus, archontological data not just provide an auxiliary tool for historians, but can help us to understand how the Ottoman provincial elit ruled Hungary, increasing its influence and welth through their family networks.</subfield>
  </datafield>
  <datafield tag="650" ind1=" " ind2="4">
   <subfield code="a">Bölcsészettudományok</subfield>
  </datafield>
  <datafield tag="650" ind1=" " ind2="4">
   <subfield code="a">Történettudomány és régészet</subfield>
  </datafield>
  <datafield tag="695" ind1=" " ind2=" ">
   <subfield code="a">Magyarország története - 16. sz., Török hódoltság - Magyarország - 16. sz., Szerémség története - 16. sz., Közigazgatás - török - Magyarország - 16. sz.</subfield>
  </datafield>
  <datafield tag="856" ind1="4" ind2="0">
   <subfield code="u">http://acta.bibl.u-szeged.hu/85519/1/belvedere_2024_002_110-134.pdf</subfield>
   <subfield code="z">Dokumentum-elérés </subfield>
  </datafield>
 </record>
</collection>
